000 01771cam a2200277zu 4500
001 45007898
003 FRCYB45007898
005 20251020123324.0
006 m o d
007 cr un
008 251020s2005 fr | o|||||0|0|||fre d
020 _a9782844502490
035 _aFRCYB45007898
040 _aFR-PaCSA
_bfr
_c
_erda
100 1 _aSaffache, Pascal
245 0 1 _aManuel de géographie de la mer et des littoraux
_bEssai de compréhension du milieu littoral martiniquais
_c['Saffache, Pascal']
264 1 _bIbis Rouge
_c2005
300 _a p.
336 _btxt
_2rdacontent
337 _bc
_2rdamdedia
338 _bc
_2rdacarrier
650 0 _a
700 0 _aSaffache, Pascal
856 4 0 _2Cyberlibris
_uhttps://international.scholarvox.com/netsen/book/45007898
_qtext/html
_a
520 _aEn dépit des nombreuses mutations qu'a subies la géographie ces dernières décennies - passant d'une étude des relations homme-milieu à une étude de l'espace social - cet ouvrage a pour but de permettre aux jeunes géographes d'appréhender l'espace étudié à travers toutes ses composantes et particulièrement sa composante géologique. N'oublions pas que la géologie a été pendant longtemps le pendant naturel de la géographie, car elle permettait de décrire et d'expliquer les formes du relief à partir des données structurales. Bien que ces notions paraissent inutiles à certains, nous pensons que plus le géographe maîtrisera de disciplines, plus il pourra expliquer facilement les mécanismes dynamiques qui régissent le milieu et l'espace qu'il occupe. La dimension physique de la géographie nous semblant primordiale et inaliénable, cet ouvrage se veut un outil pédagogique à la portée de tous.
999 _c1553777
_d1553777